| 000 | 00790nam a2200265 a 4500 | ||
|---|---|---|---|
| 003 | MX-MxUPN | ||
| 005 | 20240820183534.0 | ||
| 008 | 991125s1880 sp gr 001 0 spa d | ||
| 035 | _aUPN01000026363 | ||
| 040 |
_aMX-MxUPN _bspa _cMX-MxUPN |
||
| 041 | _aspa | ||
| 050 | 4 |
_aPC4111 _bR4.3 |
|
| 110 | 2 |
_921927 _aReal Academia Española |
|
| 245 | 0 | 0 | _aGramática de la lengua castellana |
| 250 | _aNueva edición | ||
| 260 |
_aMadrid : _bGregorio Hernando, Impresor y Librero, _c1880. |
||
| 300 | _a418 páginas | ||
| 504 | _aIncluye índice. | ||
| 650 | 4 |
_aEspañol _xGramática _xEstudio y enseñanza _99372 |
|
| 710 | 2 |
_aReal Academia Española _921927 _epropietario anterior |
|
| 902 | _bMaríaRobles/200824 | ||
| 904 |
_aAC _b026364 |
||
| 905 | _aLibro | ||
| 942 |
_2lcc _cLIBRO _n0 |
||
| 999 |
_c26363 _d26363 |
||